00430cam a22001811 4500001000800000005001700008008004100025010001700066040001700083041000800100043002100108080001000129082001400139100000700153101000800160245005000168504003000218405492320180312083956.0751021s1946 nyuabc b 001 0 eng  a 46008113  aDLCcWadDLC aeng an-us---an-us-va a973.700a973.7 DOW1 a16 aHIS10aExperiment in rebellion,cby Clifford Dowdey. aBibliography: p. 436-442.